| 000 | 00814nam a2200253Ia 4500 | ||
|---|---|---|---|
| 001 | 1074 | ||
| 003 | GE_BSU | ||
| 008 | 181216s||||||||xx |||||||||||||| ||und|| | ||
| 020 | _a9785769542718 | ||
| 040 | _cGE_BSU | ||
| 080 | _a546(075.8) | ||
| 100 | _aСубботина,Н.А.;Алешин,В.А.;Знаменков,К.О. | ||
| 245 | _aДемонстрационные опыты по неорганической химии | ||
| 245 | _bУч-е пособие для вузов | ||
| 245 | _cПод ред.Ю.Д.Третьякова | ||
| 260 | _aМосква | ||
| 260 | _bАкадемия | ||
| 260 | _c2008 | ||
| 300 | _a288стр. | ||
| 541 | _h90л. | ||
| 653 | _aДемонстрационные опыты по неорганической химии | ||
| 653 | _aХимия | ||
| 942 | _cBK | ||
| 999 |
_c35228 _d35228 |
||